Repeat After Me (Interlude) - The Weeknd Lyrics - Statistics

General Stats
  • This quiz has been taken 84 times
  • The average score is 125 of 144
Answer Stats
Hint Answer % Correct
I
100%
me
98%
me,
98%
If
96%
if
96%
just
96%
love
96%
to
96%
Chorus You
96%
you
96%
2x you,
96%
don't
94%
f*ck
94%
3x him,
94%
3x him
94%
it
94%
your
94%
you're
94%
2x f*cking,
92%
of
90%
thinking
90%
means
88%
nothing
88%
be
87%
after
85%
repeat
85%
Oh-
83%
oh,
83%
4x eyes
79%
mine
79%
girl,
77%
have
77%
Why
77%
let
75%
right
75%
wipe
75%
always
71%
out
71%
will
69%
try
67%
cry,
65%
promise
65%
spite
65%
It's
63%
time
63%
hide?
62%
treat
62%
find
60%
someone
60%
ain't
58%
up
58%
yeah
58%
been
56%
long,
56%
changed
54%
even
50%
over
50%
But
46%
natural
42%
gonna
15%
No matching quizzes found
Score Distribution
Percent of People with Each Score
Percentile by Number Answered
Your Score History
You have not taken this quiz